The effective school department head (Record no. 18287)

000 -LEADER
fixed length control field 00737cam a2200241 4500
001 - CONTROL NUMBER
control field 3599699
005 - DATE AND TIME OF LATEST TRANSACTION
control field 20161205104014.0
008 - FIXED-LENGTH DATA ELEMENTS--GENERAL INFORMATION
fixed length control field 710305s1971 nyua b 001 0 eng
010 ## - LIBRARY OF CONGRESS CONTROL NUMBER
LC control number 70123410
020 ## - INTERNATIONAL STANDARD BOOK NUMBER
International Standard Book Number 0132453657
040 ## - CATALOGING SOURCE
Original cataloging agency DLC
Transcribing agency DLC
Modifying agency DLC
050 00 - LIBRARY OF CONGRESS CALL NUMBER
Classification number LB2822.C34 1971
Item number .C34
100 1# - MAIN ENTRY--PERSONAL NAME
Personal name Callahan, Michael G.
245 14 - TITLE STATEMENT
Title The effective school department head
Statement of responsibility, etc. [by] Michael G. Callahan.
260 ## - PUBLICATION, DISTRIBUTION, ETC. (IMPRINT)
Place of publication, distribution, etc. West Nyack, N.Y.,
Name of publisher, distributor, etc. Parker Pub. Co.
Date of publication, distribution, etc. [1971]
300 ## - PHYSICAL DESCRIPTION
Extent 256 p.
Other physical details illus.
Dimensions 24 cm.
350 ## - PRICE (NR) (BK AM CF MU VM SE) [OBSOLETE]
Price $8.95
504 ## - BIBLIOGRAPHY, ETC. NOTE
Bibliography, etc Bibliography: p. 247-248.
650 #0 - SUBJECT ADDED ENTRY--TOPICAL TERM
Topical term or geographic name as entry element High school department heads.
906 ## - LOCAL DATA ELEMENT F, LDF (RLIN)
a 7
b cbc
c orignew
d 2
e ncip
f 19
g y-gencatlg
942 ## - ADDED ENTRY ELEMENTS (KOHA)
Source of classification or shelving scheme
Koha item type Hard Covered Materials
Classification part LB2822.C34 1971
Holdings
Withdrawn status Lost status Source of classification or shelving scheme Damaged status Not for loan Home library Current library Shelving location Date acquired Source of acquisition Total Checkouts Full call number Barcode Date last seen Price effective from Koha item type
          MACHAKOS UNIVERSITY LIBRARY MACHAKOS UNIVERSITY LIBRARY Technical section 05/12/2016 Donation(B.F.A)   LB2822.C34 1971 28690 11/07/2018 05/12/2016 Hard Covered Materials
© Machakos University Library, Along The Highway, Machakos Wote Rd, Machakos, Kenya P.O. Box 136 - 90100 Machakos - Kenya

Tel: ( +254 ) 723 805829 OR Fax : 044-20353 OR Email: library@mksu.ac.ke